| 000 | 00000nam##2200000za#4500 |
| 001 | 9.693000 |
| 003 | CaOODSP |
| 005 | 20210624233451 |
| 007 | cr ||||||||||| |
| 008 | 150407|2010||||xxc|||||o f|0| 0 eng|d |
| 020 | |a978-1-100-14676-8 |
| 040 | |aCaOODSP|beng |
| 043 | |an-cn--- |
| 086 | 1 |aHS64-10/2010E-PDF |
| 110 | 1 |aCanada. |bHuman Resources and Skills Development Canada. |
| 245 | 10|aSupport for low-income Canadians |h[electronic resource] |
| 260 | |aGatineau - Quebec : |bHuman Resources and Skills Development Canada |c[2010]. |
| 300 | |a2p. |
| 500 | |aAt head of title: Canada's Economic Action Plan. |
| 590 | |a13-05-Supp|b2013-02-27 |
| 690 | 07|aLow income|2gcpds |
| 775 | 08|tSoutien aux Canadiens à faible revenu |w(CaOODSP)9.637208 |
| 776 | 0#|tSupport for low-income Canadians |w(CaOODSP)9.651836 |
| 856 | 40|ahttp://publications.gc.ca|qPDF|s85 KB|uhttps://publications.gc.ca/collections/collection_2013/rhdcc-hrsdc/HS64-10-2010-eng.pdf |